|
|
|
|
| LEADER |
01937nam a22004334a 4500 |
| 001 |
EBC178081 |
| 003 |
MiAaPQ |
| 005 |
20200520144314.0 |
| 006 |
m o d | |
| 007 |
cr cn||||||||| |
| 008 |
040212s2005 enka sb 001 0 eng |
| 010 |
|
|
|z 2004003353
|
| 016 |
7 |
|
|z 012875807
|2 Uk
|
| 020 |
|
|
|z 0415333199 (alk. paper)
|
| 035 |
|
|
|a (MiAaPQ)EBC178081
|
| 035 |
|
|
|a (Au-PeEL)EBL178081
|
| 035 |
|
|
|a (CaPaEBR)ebr10094348
|
| 035 |
|
|
|a (CaONFJC)MIL5899
|
| 035 |
|
|
|a (OCoLC)475880515
|
| 040 |
|
|
|a MiAaPQ
|c MiAaPQ
|d MiAaPQ
|
| 043 |
|
|
|a a-cc---
|
| 050 |
|
4 |
|a HD9556.C52
|b R85 2005
|
| 082 |
0 |
4 |
|a 338.2/724/0951
|2 22
|
| 100 |
1 |
|
|a Rui, Huaichuan,
|d 1965-
|
| 245 |
1 |
0 |
|a Globalization, transition and development in China
|h [electronic resource] :
|b the case of the coal industry /
|c Huaichuan Rui.
|
| 260 |
|
|
|a London ;
|a New York :
|b RoutledgeCurzon,
|c 2005.
|
| 300 |
|
|
|a xviii, 175 p. :
|b ill.
|
| 490 |
1 |
|
|a RoutledgeCurzon studies on the Chinese economy ;
|v 11
|
| 504 |
|
|
|a Includes bibliographical references (p. [160]-170) and index.
|
| 505 |
0 |
|
|a The challenges facing China -- The challenges facing China's coal industry -- Development : the rise and fall of TVE coalmines -- Transition : transforming traditional SOE coalmines -- Globalization : building competitive coal corporations -- Conclusion : inter-relationship of the three challenges and the role of the state.
|
| 533 |
|
|
|a Electronic reproduction. Ann Arbor, MI : ProQuest, 2015. Available via World Wide Web. Access may be limited to ProQuest affiliated libraries.
|
| 650 |
|
0 |
|a Coal trade
|z China.
|
| 650 |
|
0 |
|a Coal mines and mining
|z China.
|
| 650 |
|
0 |
|a Industrial policy
|z China.
|
| 650 |
|
0 |
|a Globalization.
|
| 655 |
|
4 |
|a Electronic books.
|
| 710 |
2 |
|
|a ProQuest (Firm)
|
| 830 |
|
0 |
|a RoutledgeCurzon studies on the Chinese economy ;
|v 11.
|
| 856 |
4 |
0 |
|u https://ebookcentral.proquest.com/lib/matrademy/detail.action?docID=178081
|z Click to View
|